000 01149 a2200241 4500
003 Nust
005 20230123112134.0
010 _a 79028421
020 _a0393951138
040 _cNust
082 0 0 _a808.888,NOR
100 1 _aEastman, Arthur M.,
_9107381
245 1 4 _aThe Norton reader :
_ban anthology of expository prose /
_cArthur M. Eastman, general editor, Caesar R. Blake ... [et al.].
250 _a5th ed.
260 _aNew York :
_bW. W. Norton,
_cc1980.
300 _axx, 690 p. ;
_c21 cm.
505 _aPersonal Report (Page-1), Mind (Page-80), Education (Page-118), Languages and Communications (Page-157), Literature and the Arts (Page-235), Signs of The Times (Page-279), People Place (Page-327), Human Nature (Page-377), Ethic (Page-432), Politics and Government (Page-463), History (Page-530), Science (Page-584), Philosophy and Religion (Page-629).
650 0 _aCollege readers.
_921927
650 0 _aEnglish language
_xRhetoric
_xProblems, exercises, etc.
_9107382
650 0 _aExposition (Rhetoric)
_xProblems, exercises, etc.
_9107383
650 0 _aReport writing
_xProblems, exercises, etc.
_9107384
942 _2ddc
_cBK
999 _c186802
_d186802